000 00476nam a22001817a 4500
003 CEME
005 20210628201729.0
008 210204b xxu||||| |||| 00| 0 eng d
020 _a81-7319-424-6
040 _c.
082 _a519.3 JOS
100 _aJoshi, Mohan C ,Moudgalya, Kannan M
_956562
245 _aOptimization ,theory and practice
260 _aNEW DELHI
_bNAROSA PUBLISHING
_c2004
300 _aXVII,325P
650 _aOPTIMIZATION
_956563
942 _cBK
_2ddc
999 _c566953
_d566953